000 00944nam a22002657a 4500
999 _c1240
_d1240
001 004413
003 CoMeUDC004413
005 20190205225743.0
008 150413s2010 ck gr 00010 spa d
020 _a9789589974612
040 _aCO-BoBLA
_bspa
_cCoMeUDC
043 _as-ck---
082 0 4 _a331.2
_bR37t
_221
100 _aRestrepo Otálvaro, Silvio.
_91545
245 1 0 _aTransitoriedades pensionales :
_bestatuto de transitoriedad /
_cSilvio Restrepo Otálvaro.
260 _aPereira :
_bGráficas Olimpica,
_c2010.
300 _a182 páginas ;
_c24 cm.
504 _aIncluye referencias bibliográficas (páginas 180-182)
650 4 _aPensiones a la vejez
_x Legislación
_z Colombia.
650 4 _aPensiones
_x Legislación
_z Colombia.
650 4 _aPensiones
_x Régimen de transición
_z Colombia.
650 4 _aPensiones
_x Reformas
_z Colombia.
942 _2ddc
_cBK
949 _an
_bn